| 000 | 00402nam a2200145Ia 4500 | ||
|---|---|---|---|
| 008 | 231129s1994||||xx |||||||||||||| ||spa|| | ||
| 020 | _a958-05-0566-7 | ||
| 040 | _bspa | ||
| 082 | _a371.42 B389p | ||
| 100 | _aBecerra B. Reynaldo | ||
| 245 | 0 | _aPasaicfes: La clave para lograr altos puntajes | |
| 260 | _c1994 | ||
| 264 | _aEducar Editores | ||
| 942 |
_2ddc _cBKS |
||
| 999 |
_c22458 _d22458 |
||